000 00582nam a2200193Ia 4500
005 20250508162912.0
008 008 250505s9999 xx 000 0 eng d
037 _aTextual
040 _aFEDL
_beng
_cFEDL
041 _aeng
_2eng
084 _a540, PAN
_qFEDL
100 _aPande D
_9652063
245 0 _aQuestion bank in chemistry for class XII
260 _aNew Delhi, India
_bTata McGraw-Hill Publishing Company Limited
_c1993
300 _a295p.
490 _aTata McGraw-Hill's Question Bank Series
942 _cTEXL
_h540, PAN
999 _c1379333
_d1379333